00727nam a22002057a 450000100060000000300080000600500170001400800410003103500190007204000260009104100080011708200230012510000380014824501580018626000600034430000350040465000190043965000230045865000400048175246BD-RjUL20211209082650.0190206s1929 enk||||| |||| 00| 0 eng d a(BD-RjUL)75464 aBD-RjULbengcBD-RjUL aeng 223a572 bGOO 1929 aGortner, Ross Aiken, d1885-1942. aOutlines of biochemistry :b the organic chemistry and the physiochemical reactions of biologically important compounds and systems /cRoss Aiken Gortner aNew York ;bLondon :bJohn Wiley & Sons [etc.], c1929. aXV, 793 p. : bill. ; c23 cm. a Biochemistry  aChemistry, Organic aChemistry, Physical and theoretical